00285nam a2200121Ia 4500008004100000100002900041245002200070260002600092300000900118650001200127942000700139999001700146190216s9999||||xx |||||||||||||| ||und|| aSokolov A And Ternov Etc 0aQuantum Mechanics bMir Pubs Moscowc1984 a496p aPhysics cBK c33190d33190